000 00471nam a22001697a 4500
005 20260317155023.0
008 260317b |||||||| |||| 00| 0 eng d
037 _cDSWL
040 _aDSWL
_cDSWL
041 _heng
110 _aUNIFEM
_91132343
245 _aGlobal trading practices and poverty alleviation in South Asia
260 _aNew Delhi,
_bUNIFEM,
_c1996
300 _a285p
942 _2CC
_cTEXL
_n0
999 _c1715626
_d1715626